000 00808nam a2200229 a 4500
001 56748
003 BD-RjUL
005 20211209080429.0
008 161204s1976 bg ||||| |||| 00| 0 ben d
020 _c: TK 79.50
035 _a(BD-RjUL)56872
040 _aBD-RjUL
_bben
_cBD-RjUL
041 _aben
082 _223
_a297.124
_bTHT 1976
100 _aথানভী, আশরাফ আলী
_9168759
245 1 0 _aতফসীরে আশরাফী :
_b২৬ পারা হা'মীম /
_cআশ'রাফ আলী থানভী
260 _aঢাকা :
_bএমদাদিয়া লাইব্রেরী,
_c১৯৭৬
300 _a১৪০ পৃ. ;
_c২৬ সেমি.
650 _aহাদিস
_9168760
650 _aHadidth
_9157156
942 _2ddc
_cBK
999 _c56748
_d56748